[Event "Women's Speed Chess Q8"]
[Site "chess.com INT"]
[Date "2021.06.06"]
[Round "7"]
[White "Linares Napoles, Oleiny"]
[Black "Komiagina, Maria"]
[Result "1-0"]
[WhiteTitle "WGM"]
[BlackTitle "WIM"]
[WhiteElo "2255"]
[BlackElo "2241"]
[WhiteFideId "3504794"]
[BlackFideId "4153987"]
[EventDate "2021.06.06"]

1. d4 Nf6 2. Bf4 g6 3. Nc3 Bg7 4. e4 d6 5. Qd2 h6 6. O-O-O Nfd7 7. Nf3 c6 8. e5
d5 9. e6 fxe6 10. Bd3 Nf8 11. Ne5 g5 12. Bg3 Nbd7 13. f4 Bf6 14. Rde1 Qb6 15.
Rhf1 Rg8 16. Kb1 c5 17. dxc5 Qxc5 18. Qe2 gxf4 19. Bxf4 Nxe5 20. Bxe5 Nd7 21.
Bb5 a6 22. Bxd7+ Bxd7 23. Qh5+ Kd8 24. Bxf6 exf6 25. Ne4 Qe7 26. Nxf6 Kc7 27.
Nxd7 Qxd7 28. Rf7 1-0

[Event "Women's Speed Chess Q8"]
[Site "chess.com INT"]
[Date "2021.06.06"]
[Round "7"]
[White "Nikolova, Adriana"]
[Black "Gevorgyan, Maria"]
[Result "1-0"]
[WhiteTitle "WGM"]
[BlackTitle "WGM"]
[WhiteElo "2243"]
[BlackElo "2219"]
[WhiteFideId "2908689"]
[BlackFideId "13300270"]
[EventDate "2021.06.06"]

1. e4 c5 2. Nf3 Nc6 3. c3 Nf6 4. e5 Nd5 5. d4 cxd4 6. cxd4 d6 7. Bc4 Nb6 8. Bb5
a6 9. Bxc6+ bxc6 10. h3 a5 11. O-O g6 12. exd6 Qxd6 13. Re1 Bg7 14. Bg5 Be6 15.
Nc3 Nd7 16. Ne4 Qb4 17. Rc1 Qxb2 18. Rxc6 h6 19. Bxe7 Kxe7 20. d5 Bf5 21. Re2
Qb8 22. Nf6+ Kf8 23. Re8+ Qxe8 24. Nxe8 Rxe8 25. Rc7 Kg8 26. Qa4 Rd8 27. g4 Nb6
28. Qb5 Be4 29. Qxb6 Bxf3 30. d6 Kh7 31. Rxf7 Rhe8 32. Rxf3 Re1+ 33. Kg2 Rd1 34.
Qxd8 h5 35. gxh5 gxh5 36. Rf7 Rd5 37. Qf6 1-0

[Event "Women's Speed Chess Q8"]
[Site "chess.com INT"]
[Date "2021.06.06"]
[Round "7"]
[White "Kashlinskaya, Alina"]
[Black "Pourkashiyan, Atousa"]
[Result "1-0"]
[WhiteTitle "IM"]
[BlackTitle "WGM"]
[WhiteElo "2494"]
[BlackElo "2322"]
[WhiteFideId "4198026"]
[BlackFideId "12502014"]
[EventDate "2021.06.06"]

1. d4 Nf6 2. c4 e6 3. Nf3 d5 4. g3 Bb4+ 5. Nbd2 O-O 6. Bg2 b6 7. O-O Bb7 8. a3
Be7 9. b4 Nbd7 10. c5 c6 11. Bb2 a5 12. Bc3 Ne4 13. Nxe4 dxe4 14. Nd2 f5 15. Qb3
Rf6 16. bxa5 Ba6 17. axb6 Bxe2 18. Rfe1 Ba6 19. Nc4 Bxc4 20. Qxc4 Nb8 21. Qb3 h5
22. h4 Rg6 23. Bb2 Nd7 24. a4 Bxh4 25. gxh4 Qxh4 26. Ra3 Nf6 27. Qh3 Qf4 28. Bc1
Qb8 29. a5 Qd8 30. Bf4 Qxd4 31. b7 Rf8 32. a6 Ng4 33. Rf1 e3 34. Bxe3 Qb4 35.
Bc1 f4 36. Qxh5 1-0

[Event "Women's Speed Chess Q8"]
[Site "chess.com INT"]
[Date "2021.06.06"]
[Round "7"]
[White "Jakubowska, Anna"]
[Black "Varney, Zoe"]
[Result "1-0"]
[WhiteTitle "WIM"]
[BlackTitle "WCM"]
[WhiteElo "2073"]
[BlackElo "1917"]
[WhiteFideId "1121952"]
[BlackFideId "436135"]
[EventDate "2021.06.06"]

1. e4 e5 2. Nc3 Nf6 3. g3 d5 4. exd5 Nxd5 5. Bg2 Be6 6. Nge2 c6 7. O-O Nd7 8.
Re1 Bd6 9. d4 O-O 10. dxe5 Nxc3 11. Nxc3 Nxe5 12. b3 Qc7 13. Bb2 Rad8 14. Qe2
Rfe8 15. Ne4 Bb4 16. Red1 Ng6 17. a3 Bf8 18. Qh5 h6 19. h4 Bd5 20. Nc3 Bxg2 21.
Kxg2 Re5 22. Qf3 Rde8 23. Rd2 R5e6 24. Rad1 Ne5 25. Qf4 R6e7 26. Na4 Ng6 27. Qd4
Re6 28. Nc5 R6e7 29. Nd7 Rd8 30. Qg4 1-0

[Event "Women's Speed Chess Q8"]
[Site "chess.com INT"]
[Date "2021.06.06"]
[Round "7"]
[White "Eswaran, Aksithi"]
[Black "Varshini, V"]
[Result "0-1"]
[WhiteTitle "WCM"]
[BlackTitle "WGM"]
[WhiteElo "1745"]
[BlackElo "2226"]
[WhiteFideId "2083485"]
[BlackFideId "5091241"]
[EventDate "2021.06.06"]

1. e4 c5 2. Nf3 d6 3. d4 cxd4 4. Nxd4 Nf6 5. Nc3 a6 6. f3 e6 7. Be3 Be7 8. Be2
Qc7 9. Qd2 b5 10. a3 Bb7 11. O-O Nbd7 12. Rad1 O-O 13. Bd3 Rac8 14. Nde2 Ne5 15.
Ng3 Nfd7 16. Qe2 Nb6 17. f4 Nec4 18. Bxc4 Nxc4 19. f5 Nxb2 20. Rb1 Qxc3 21. Bd2
Qxc2 22. Rfc1 Qb3 23. Rxc8 Rxc8 24. Bb4 Bf6 25. fxe6 fxe6 26. Bxd6 Qc2 27. Qxc2
Rxc2 28. e5 Rxg2+ 29. Kf1 Bh4 30. Rc1 Nc4 31. Rc3 Rxh2 32. Rd3 Rh3 33. Kf2 Rxg3
34. Rxg3 Bxg3+ 35. Kxg3 Nxd6 36. exd6 Bc6 37. Kf4 Kf7 38. Ke5 h5 39. Kd4 h4 40.
Kc5 Bd7 41. Kb6 h3 42. Kc7 Ke8 0-1

[Event "Women's Speed Chess Q8"]
[Site "chess.com INT"]
[Date "2021.06.06"]
[Round "7"]
[White "Socko, Monika"]
[Black "Padmini, Rout"]
[Result "1-0"]
[WhiteTitle "GM"]
[BlackTitle "IM"]
[WhiteElo "2393"]
[BlackElo "2370"]
[WhiteFideId "1106619"]
[BlackFideId "5029295"]
[EventDate "2021.06.06"]

1. g3 d5 2. Bg2 e5 3. d3 Nf6 4. Nf3 Bd6 5. O-O O-O 6. c3 c5 7. Nbd2 Nc6 8. e4 d4
9. c4 Bd7 10. Ne1 Ne8 11. f4 exf4 12. gxf4 f5 13. e5 Bc7 14. Ndf3 g6 15. Ng5 Ng7
16. Nef3 h6 17. Nh3 Ne6 18. Qe2 Qe7 19. Bd2 Kh7 20. Rae1 Rf7 21. Kh1 Rg8 22. Qf2
Bd8 23. Rg1 Kh8 24. Re2 Rfg7 25. Qf1 g5 26. fxg5 hxg5 27. Ne1 f4 28. Bd5 Qf7 29.
Nf2 Qf5 30. Be4 Qf7 31. Ng4 Qh5 32. Nf3 Nf8 33. Reg2 Ng6 34. Nf6 Qh6 35. Bxg6
Bxf6 36. exf6 Rxg6 37. f7 Rf8 38. Nxg5 Rxg5 39. Rxg5 Rxf7 40. Qf3 Bf5 41. Qd5
Be6 42. Qe4 Rh7 43. R1g2 Qf8 44. Bxf4 1-0

[Event "Women's Speed Chess Q8"]
[Site "chess.com INT"]
[Date "2021.06.06"]
[Round "7"]
[White "Bulmaga, Irina"]
[Black "Antolak, Julia"]
[Result "1-0"]
[WhiteTitle "IM"]
[BlackTitle "WIM"]
[WhiteElo "2440"]
[BlackElo "2309"]
[WhiteFideId "13903063"]
[BlackFideId "1159569"]
[EventDate "2021.06.06"]

1. e4 c5 2. Be2 Nf6 3. d3 e6 4. f4 Nc6 5. Nf3 d5 6. e5 Nd7 7. c3 Be7 8. O-O f6
9. d4 cxd4 10. cxd4 fxe5 11. fxe5 O-O 12. Nc3 a6 13. Be3 Rf7 14. Rc1 Nf8 15. Bd3
Bd7 16. Qd2 h6 17. g3 Rc8 18. h4 b5 19. Kg2 Na5 20. Nh2 Be8 21. Rxf7 Bxf7 22.
Rf1 Nc4 23. Bxc4 dxc4 24. Bxh6 gxh6 25. Ng4 Bg6 26. Nxh6+ Kg7 27. Ng4 b4 28.
Qh6+ Kg8 29. Rxf8+ Qxf8 30. Qxg6+ Qg7 31. Qxe6+ Kh7 32. Qxc8 bxc3 33. bxc3 Qg6
34. Nf2 Kg7 35. Qd7 Qf7 36. Qg4+ Kh7 37. Qe4+ Kg7 38. d5 Bc5 39. Ng4 Qb7 40. Nf6
Qb2+ 41. Kh3 Qxc3 42. Qh7+ Kf8 43. Qg8+ Ke7 44. Qe8# 1-0

[Event "Women's Speed Chess Q8"]
[Site "chess.com INT"]
[Date "2021.06.06"]
[Round "7"]
[White "Doluhanova, Evgeniya"]
[Black "Nguyen, Hong Ngoc"]
[Result "1-0"]
[WhiteTitle "WGM"]
[BlackTitle "WCM"]
[WhiteElo "2192"]
[BlackElo "1957"]
[WhiteFideId "14112035"]
[BlackFideId "12403083"]
[EventDate "2021.06.06"]

1. e4 g6 2. d4 Bg7 3. Nf3 d6 4. Bf4 e6 5. Nbd2 Ne7 6. Bc4 O-O 7. Qe2 c5 8. dxc5
dxc5 9. O-O-O Qb6 10. Bb3 a5 11. Nc4 Qa6 12. a4 Nbc6 13. Rd6 b5 14. Na3 bxa4 15.
Qxa6 Bxa6 16. Bxa4 Rac8 17. Rhd1 Be2 18. Re1 Bxf3 19. gxf3 e5 20. Bg5 f6 21. Be3
Nd4 22. c3 Nxf3 23. Red1 Rc7 24. Rd7 Rfc8 25. Bb3+ c4 26. Nxc4 Rxd7 27. Rxd7 Kf8
28. Nb6 Rb8 29. Bc5 Re8 30. Nd5 a4 31. Ba2 Bh6+ 32. Kc2 Ne1+ 33. Kd1 Nd3 34.
Bxe7+ Kg7 35. Ba3+ Kh8 36. Nxf6 Nxf2+ 37. Ke2 Rf8 38. Rxh7# 1-0

[Event "Women's Speed Chess Q8"]
[Site "chess.com INT"]
[Date "2021.06.06"]
[Round "7"]
[White "Batsiashvili, Nino"]
[Black "Paehtz, Elisabeth"]
[Result "0-1"]
[WhiteTitle "GM"]
[BlackTitle "IM"]
[WhiteElo "2491"]
[BlackElo "2456"]
[WhiteFideId "13602993"]
[BlackFideId "4641833"]
[EventDate "2021.06.06"]

1. c4 g6 2. Nc3 Bg7 3. d4 d6 4. e4 Nc6 5. Be3 e5 6. Nge2 Nf6 7. d5 Na5 8. Nc1 c5
9. f3 Nh5 10. a3 b6 11. b4 Nb7 12. Nd3 f5 13. Rb1 O-O 14. bxc5 Nxc5 15. Nxc5
bxc5 16. Be2 Nf4 17. Bf1 Bh6 18. Qd2 Bg7 19. g3 Nh5 20. Bg2 f4 21. Bf2 fxg3 22.
hxg3 Qa5 23. Nb5 Qd8 24. Nc3 a6 25. Na4 Bd7 26. Nb6 Rb8 27. Qa5 Qg5 28. Rxh5
gxh5 29. Ke2 Qd8 30. Qxa6 Qc7 31. Be1 Rb7 32. a4 Ra7 33. Qxa7 Qxa7 34. a5 Rb8
35. Bf1 Bf6 36. Nxd7 Rxb1 37. Nxf6+ Kf7 38. Nxh5 Rxe1+ 39. Kxe1 Qxa5+ 40. Kf2
Qd2+ 41. Be2 Qd4+ 42. Kg2 Kg6 43. g4 Qe3 44. Bf1 Kg5 45. Ng3 Qd2+ 46. Kg1 Kf4
47. Bg2 Kxg3 0-1

[Event "Women's Speed Chess Q8"]
[Site "chess.com INT"]
[Date "2021.06.06"]
[Round "7"]
[White "Dong, Khanh Linh"]
[Black "Szente Varga, Fruzsina"]
[Result "0-1"]
[WhiteTitle "WCM"]
[BlackTitle "WFM"]
[WhiteElo "1970"]
[BlackElo "2100"]
[WhiteFideId "12403040"]
[BlackFideId "712264"]
[EventDate "2021.06.06"]

1. e4 e5 2. Nf3 Nc6 3. Bb5 a6 4. Ba4 Nf6 5. O-O Be7 6. Bxc6 dxc6 7. Nxe5 Nxe4 8.
d4 O-O 9. Be3 Bf6 10. Nd2 Nxd2 11. Qxd2 c5 12. Rad1 Qe7 13. Qc3 Bf5 14. Rfe1
Rad8 15. Nf3 Qd6 16. h3 Rfe8 17. Qxc5 Qxc5 18. dxc5 Bxb2 19. Rxd8 Rxd8 20. Rb1
Bc3 21. Rxb7 Ba5 22. Ra7 Bxc2 23. Rxa6 Bc3 24. Ra7 c6 25. a4 h6 26. a5 Rd1+ 27.
Kh2 Ra1 28. Rc7 Be4 29. Rc8+ Kh7 30. Rc7 Bxf3 31. gxf3 Be5+ 32. f4 Bxc7 33. Kg3
Rxa5 34. Kf3 Ra3 35. Ke4 g6 36. h4 f5+ 37. Kd4 Kg7 38. Kc4 Kf6 39. Bd4+ Ke6 40.
Be3 Bd8 41. Kb4 Rd3 42. Kc4 Rd5 43. Bd4 Bxh4 44. Be5 0-1

[Event "Women's Speed Chess Q8"]
[Site "chess.com INT"]
[Date "2021.06.06"]
[Round "7"]
[White "Ouellet, Maili-Jade"]
[Black "Maltsevskaya, Aleksandra"]
[Result "0-1"]
[WhiteTitle "WGM"]
[BlackTitle "WGM"]
[WhiteElo "2257"]
[BlackElo "2390"]
[WhiteFideId "2620472"]
[BlackFideId "24174041"]
[EventDate "2021.06.06"]

1. d4 Nf6 2. c4 e6 3. Nc3 d5 4. cxd5 exd5 5. Bg5 c6 6. e3 Nbd7 7. Bd3 h6 8. Bh4
Be7 9. Qc2 O-O 10. Nf3 Re8 11. O-O Ne4 12. Bxe7 Qxe7 13. b4 Ndf6 14. Rab1 b5 15.
Ne5 Bd7 16. f3 Nd6 17. a4 a6 18. Ne2 Nc4 19. Bxc4 bxc4 20. Rb2 Rab8 21. Rfb1 Nh7
22. Kh1 Nf8 23. Nc3 f6 24. Nxd7 Nxd7 25. Nd1 Rb7 26. Qc3 Reb8 27. h3 Nb6 28. Qa3
Nc8 29. a5 Nd6 30. Qc3 Nb5 31. Qd2 Nd6 32. Kh2 Nf5 33. Kg1 h5 34. Kf2 h4 35. Nc3
Qd6 36. Na4 Qg3+ 37. Kf1 Re7 38. Re1 Rbe8 39. e4 dxe4 40. fxe4 Rxe4 41. Rxe4
Rxe4 42. Nc5 Rf4+ 43. Kg1 Nxd4 44. Rb1 Nf3+ 0-1

[Event "Women's Speed Chess Q8"]
[Site "chess.com INT"]
[Date "2021.06.06"]
[Round "7"]
[White "Bivol, Alina"]
[Black "Nemcova, Katerina"]
[Result "1-0"]
[WhiteTitle "WGM"]
[BlackTitle "WGM"]
[WhiteElo "2374"]
[BlackElo "2331"]
[WhiteFideId "4100123"]
[BlackFideId "322750"]
[EventDate "2021.06.06"]

1. e4 e5 2. Nf3 d6 3. d4 exd4 4. Nxd4 Nf6 5. Nc3 g6 6. Bc4 Bg7 7. O-O O-O 8. Re1
Nc6 9. Nxc6 bxc6 10. h3 Rb8 11. Rb1 Re8 12. Bg5 h6 13. Bh4 Be6 14. Bxe6 Rxe6 15.
Qd3 Qe8 16. f3 Rb7 17. Qa6 Qb8 18. Qxc6 Rb6 19. Qc4 Rb4 20. Qc6 Rb6 21. Qc4 Rb4
22. Qd3 Nd7 23. Nd5 Rxb2 24. Rxb2 Qxb2 25. Bf2 Qb7 26. Qc4 c6 27. Nf4 Ne5 28.
Qa4 Re7 29. Rd1 Rd7 30. h4 Bf6 31. c4 Kg7 32. Ne2 h5 33. Nd4 Rc7 34. Nb3 Rd7 35.
c5 dxc5 36. Rxd7 Nxd7 37. Qc4 Qb5 38. Qc1 c4 39. Nd4 Qa6 40. Ne2 c5 41. f4 Qa4
42. e5 Be7 43. Nc3 Nf8 44. Nxa4 1-0

[Event "Women's Speed Chess Q8"]
[Site "chess.com INT"]
[Date "2021.06.06"]
[Round "7"]
[White "Zhuravleva, Olga"]
[Black "Dauletova, Gulmira"]
[Result "0-1"]
[WhiteTitle "WIM"]
[BlackTitle "WGM"]
[WhiteElo "2278"]
[BlackElo "2257"]
[WhiteFideId "4145933"]
[BlackFideId "13702971"]
[EventDate "2021.06.06"]

1. e4 e5 2. Nf3 Nc6 3. Bc4 Bc5 4. c3 Nf6 5. d3 d6 6. O-O h6 7. h3 O-O 8. b4 Bb6
9. a4 a5 10. b5 Ne7 11. Bb3 c6 12. bxc6 bxc6 13. Nbd2 Ng6 14. Nc4 Bc7 15. Be3 d5
16. exd5 cxd5 17. Ncd2 Ba6 18. Nb1 e4 19. dxe4 Bxf1 20. Qxf1 dxe4 21. Nd4 Qd6
22. g3 Ne5 23. Nd2 Qd7 24. Rd1 Rab8 25. Nb5 Qe7 26. Bf4 Rfd8 27. Bxe5 Bxe5 28.
Qe2 Rbc8 29. Nc4 Rxd1+ 30. Qxd1 Bc7 31. Ne3 Rd8 32. Qe2 Bb6 33. Nf5 Qe5 34. Nfd4
Bxd4 35. Nxd4 Qc5 36. Nb5 Rc8 37. Qd2 Re8 38. Nd4 e3 39. fxe3 Ne4 40. Qg2 Qxc3
41. Kh2 Qxe3 42. Nf5 Qxb3 43. h4 Qe6 44. Nd4 Qg4 45. Nb5 Nxg3 0-1

[Event "Women's Speed Chess Q8"]
[Site "chess.com INT"]
[Date "2021.06.06"]
[Round "7"]
[White "Agrest, Inna"]
[Black "Morris-Suzuki, Sophie"]
[Result "0-1"]
[WhiteTitle "WIM"]
[BlackTitle "WFM"]
[WhiteElo "2285"]
[BlackElo "2043"]
[WhiteFideId "1708830"]
[BlackFideId "30922615"]
[EventDate "2021.06.06"]

1. e4 c5 2. Nf3 e6 3. d4 cxd4 4. Nxd4 a6 5. Bd3 Qc7 6. O-O Nf6 7. c4 b6 8. Nc3
Bb7 9. Re1 d6 10. b3 Be7 11. Bb2 Nbd7 12. Rc1 O-O 13. f3 Rac8 14. Kh1 Qb8 15.
Bb1 Rfe8 16. Qe2 Bd8 17. a4 Bc7 18. Qf2 d5 19. Qh4 dxc4 20. bxc4 Ne5 21. Nce2
Ng6 22. Qh3 Bd6 23. Red1 Nd7 24. Nb3 Nde5 25. Nd2 Bc6 26. f4 Nd7 27. e5 Be7 28.
Ne4 Bxa4 29. Rf1 Nc5 30. N2c3 Bc6 31. Nxc5 bxc5 32. Ba1 Rcd8 33. Rce1 Rd4 34.
Ne4 Rxc4 35. Ng5 Bxg5 36. fxg5 Rd8 37. Rf2 Rb4 38. Ba2 Qb7 39. Ref1 Rd7 40. Bc3
Ra4 41. Bb1 Be4 42. Bxe4 Qxe4 43. Qg3 Rd3 44. Rf3 Rxf3 45. gxf3 Qd3 46. Be1
Qxf1+ 0-1

[Event "Women's Speed Chess Q8"]
[Site "chess.com INT"]
[Date "2021.06.06"]
[Round "7"]
[White "Bodnaruk, Anastasia"]
[Black "Gaponenko, Inna"]
[Result "1-0"]
[WhiteTitle "IM"]
[BlackTitle "IM"]
[WhiteElo "2446"]
[BlackElo "2357"]
[WhiteFideId "4181751"]
[BlackFideId "14101181"]
[EventDate "2021.06.06"]

1. e4 g6 2. d4 Bg7 3. Nc3 d6 4. f4 Nf6 5. Nf3 O-O 6. Bd3 Nc6 7. d5 Nb4 8. Be2 e6
9. dxe6 Bxe6 10. O-O Bg4 11. Be3 Re8 12. e5 dxe5 13. Nxe5 Qxd1 14. Bxd1 Bxd1 15.
Raxd1 Nxc2 16. Bc5 b6 17. Bf2 Nb4 18. Nb5 Nbd5 19. Bh4 Ne3 20. Nxc7 Nxd1 21.
Nxe8 g5 22. Nxf6+ Bxf6 23. Bxg5 Bxe5 24. fxe5 Nxb2 25. Bf6 Nc4 26. Rf3 Re8 27.
Rg3+ Kf8 28. Bg7+ Ke7 29. Rh3 Ke6 30. Rxh7 Rd8 31. h4 Rd1+ 32. Kh2 Rd2 33. a4
Ne3 34. Kh3 Nxg2 35. Rh6+ Ke7 36. Rc6 Nf4+ 37. Kg4 Ne6 38. Bf6+ Kd7 39. Rc4 Rg2+
40. Kf3 Rh2 41. Kg3 Rh1 42. Rc2 a6 43. Rd2+ Kc6 44. Rd6+ Kc5 45. Rd7 1-0

[Event "Women's Speed Chess Q8"]
[Site "chess.com INT"]
[Date "2021.06.06"]
[Round "7"]
[White "Kulkarni, Bhakti"]
[Black "Arabidze, Meri"]
[Result "1-0"]
[WhiteTitle "IM"]
[BlackTitle "IM"]
[WhiteElo "2391"]
[BlackElo "2432"]
[WhiteFideId "5019516"]
[BlackFideId "13604040"]
[EventDate "2021.06.06"]

1. d4 d5 2. c4 e6 3. Nc3 Nf6 4. cxd5 exd5 5. Bg5 Nbd7 6. e3 c6 7. Bd3 Be7 8. Qc2
Nf8 9. Nge2 Ne6 10. Bh4 g6 11. O-O O-O 12. f3 b5 13. Rad1 Bd7 14. Kh1 Rc8 15. e4
dxe4 16. fxe4 Ng4 17. Bxe7 Qxe7 18. Qd2 Qg5 19. Qxg5 Nxg5 20. Rc1 f5 21. e5 Ne6
22. h3 Ne3 23. Rf3 Nd5 24. Nxd5 cxd5 25. Rff1 a6 26. b4 Kg7 27. a3 h6 28. Bb1
Rc4 29. Ba2 Bc6 30. Bxc4 dxc4 31. Rfd1 Bd5 32. a4 g5 33. axb5 axb5 34. Ra1 f4
35. Nc3 Rd8 36. Ra7+ Kg6 37. Ra6 Kf7 38. Nxb5 f3 39. Rf1 c3 40. Nd6+ Rxd6 41.
Rxd6 Nf4 42. gxf3 c2 43. Rc1 Bxf3+ 44. Kh2 Bd1 45. Rc6 Ne2 46. R1xc2 Bxc2 47.
Rxc2 Nxd4 48. Rc3 Ke6 49. Rc5 Nf3+ 50. Kg3 Nxe5 51. Rxe5+ Kxe5 52. Kg4 Kf6 53.
Kh5 Kg7 54. b5 1-0

[Event "Women's Speed Chess Q8"]
[Site "chess.com INT"]
[Date "2021.06.06"]
[Round "7"]
[White "Grigoryan, Meri"]
[Black "February, Jesse Nikki"]
[Result "0-1"]
[WhiteTitle "WFM"]
[BlackTitle "WIM"]
[WhiteElo "2044"]
[BlackElo "1863"]
[WhiteFideId "13300571"]
[BlackFideId "14312336"]
[EventDate "2021.06.06"]

1. d4 Nf6 2. c4 e6 3. Nf3 d5 4. cxd5 exd5 5. Nc3 c6 6. Bf4 Bd6 7. Ne5 O-O 8. e3
Bf5 9. Bd3 Bxd3 10. Qxd3 Qc7 11. Rc1 a6 12. O-O Nbd7 13. Nxd7 Qxd7 14. Bxd6 Qxd6
15. Ne2 Rfe8 16. Ng3 Ne4 17. Nxe4 Rxe4 18. f4 Rae8 19. Rf3 Qe7 20. Re1 c5 21.
dxc5 Qxc5 22. Qc3 Qa7 23. Rg3 d4 24. Qd3 g6 25. f5 Rxe3 26. Rexe3 Rxe3 27. Rxe3
dxe3 28. Qd8+ Kg7 29. f6+ Kh6 30. Qf8+ Kg5 31. h4+ Kh5 32. g4+ Kxh4 33. Qh6+
Kxg4 34. Kg2 e2 35. Qh3+ Kg5 36. Qg3+ Kxf6 37. Qf4+ Kg7 38. Qe5+ f6 39. Qe7+ Kh6
40. Qxf6 Qe3 41. Qh4+ Kg7 42. Qe1 Qe4+ 43. Kh2 Qe5+ 44. Kg2 Qxb2 45. a4 Qe5 0-1

[Event "Women's Speed Chess Q8"]
[Site "chess.com INT"]
[Date "2021.06.06"]
[Round "7"]
[White "Perez Rodriguez, Jennifer"]
[Black "Mohota, Nisha"]
[Result "1-0"]
[WhiteTitle "WIM"]
[BlackTitle "IM"]
[WhiteElo "2251"]
[BlackElo "2195"]
[WhiteFideId "3507831"]
[BlackFideId "5004330"]
[EventDate "2021.06.06"]

1. e4 e5 2. Nc3 Nf6 3. f4 d5 4. fxe5 Nxe4 5. Nf3 Nxc3 6. bxc3 Be7 7. d4 O-O 8.
Bd3 f6 9. O-O Nc6 10. Bd2 fxe5 11. dxe5 Bc5+ 12. Kh1 Bg4 13. Rb1 Nxe5 14. Be2
Bxf3 15. Bxf3 Nxf3 16. Rxf3 Bb6 17. Bf4 Qd7 18. c4 d4 19. Qd3 Rae8 20. c5 Ba5
21. h3 b6 22. Qc4+ Kh8 23. Rbf1 bxc5 24. Qxc5 Bb6 25. Qh5 Kg8 26. Qg5 Rf5 27.
Qg4 Qf7 28. Bd2 Rxf3 29. Rxf3 Qe6 30. Qg5 c5 31. Rg3 Re7 32. Bf4 h6 33. Qh5 Kh7
34. Rg4 Bc7 35. Bxc7 Rxc7 36. Kh2 c4 37. Rxd4 c3 38. Rd3 Rf7 39. Rxc3 Qd6+ 40.
Rg3 Rf6 41. Qg4 g6 42. h4 Rf4 43. Rd3 Rd4+ 44. Qg3 Rxd3 45. cxd3 Qc6 46. Qe3
Qd6+ 47. Kg1 Qd5 48. Qxa7+ 1-0

[Event "Women's Speed Chess Q8"]
[Site "chess.com INT"]
[Date "2021.06.06"]
[Round "7"]
[White "Zaksaite, Salomeja"]
[Black "Fominykh, Maria"]
[Result "1-0"]
[WhiteTitle "WIM"]
[BlackTitle "WGM"]
[WhiteElo "2202"]
[BlackElo "2206"]
[WhiteFideId "12801496"]
[BlackFideId "4142411"]
[EventDate "2021.06.06"]

1. e4 e6 2. d4 d5 3. Nc3 Nf6 4. e5 Nfd7 5. f4 c5 6. Nf3 Nc6 7. Be3 cxd4 8. Nxd4
Bc5 9. Qd2 a6 10. O-O-O Nxd4 11. Bxd4 Bxd4 12. Qxd4 Qb6 13. h4 Qxd4 14. Rxd4 Ke7
15. h5 h6 16. Rh3 f6 17. exf6+ Nxf6 18. Be2 Bd7 19. Rg3 Rhg8 20. Re3 Kd6 21. g4
b5 22. g5 Ne8 23. Ne4+ Kc6 24. Nf2 Nd6 25. Bd3 Kc5 26. c3 Be8 27. Rxe6 Bxh5 28.
b4+ Kc6 29. gxh6 gxh6 30. Rxh6 Rg1+ 31. Kd2 Rg2 32. Rxh5 Rxf2+ 33. Ke3 Rxa2 34.
Rhxd5 Re8+ 35. Kf3 Nb7 36. Be4 Rxe4 37. Kxe4 Rc2 38. Rd3 a5 39. f5 a4 40. Re5 a3
41. Re6+ Kc7 42. Ra6 a2 43. f6 Nd8 44. Ra7+ Kb6 45. Ra8 Nf7 46. Kf5 Rf2+ 47. Ke6
Ng5+ 48. Ke7 Ne4 49. f7 1-0

[Event "Women's Speed Chess Q8"]
[Site "chess.com INT"]
[Date "2021.06.06"]
[Round "7"]
[White "Klinova, Masha"]
[Black "Hng, Mei-En Emmanuelle"]
[Result "1-0"]
[WhiteTitle "IM"]
[BlackTitle "WFM"]
[WhiteElo "2275"]
[BlackElo "2013"]
[WhiteFideId "2802015"]
[BlackFideId "5804566"]
[EventDate "2021.06.06"]

1. e4 d6 2. d4 Nf6 3. Nc3 g6 4. g3 Bg7 5. Bg2 O-O 6. Nge2 Nc6 7. O-O Re8 8. h3
e5 9. Be3 exd4 10. Nxd4 Bd7 11. Qd2 Ne5 12. b3 c5 13. Nde2 Bxh3 14. Rad1 Bxg2
15. Kxg2 Bf8 16. f3 c4 17. Bg5 Ned7 18. Rh1 Qa5 19. Bh6 Bxh6 20. Qxh6 Nf8 21.
Rxd6 Qe5 22. Rhd1 cxb3 23. cxb3 Rac8 24. R1d3 Ne6 25. Nf4 Rxc3 26. Nxe6 Rxe6 27.
Rd8+ Re8 28. Qd2 Rxd3 29. Qxd3 Rxd8 30. Qxd8+ Kg7 31. Qd2 Qc5 32. Qb2 Qe3 33. a4
h5 34. b4 h4 35. gxh4 Qf4 36. Qd4 Qxh4 37. Qxa7 Qg5+ 38. Kf1 Qc1+ 39. Kg2 Qb2+
40. Kf1 Qxb4 41. e5 Qc4+ 42. Kg2 Qc2+ 43. Kf1 Nd5 44. Qd4 Qc1+ 45. Kf2 Qc2+ 46.
Kf1 Qb1+ 47. Kf2 Qa2+ 48. Kf1 Kh6 49. Qh4+ Kg7 50. Qd4 Nc7 51. e6+ f6 52. e7 Qf7
53. Qd7 Ne6 54. Qxb7 Nd4 55. Qd7 Qc4+ 56. Kg2 Qc2+ 57. Kh3 Nxf3 58. e8=Q+ Kh6
59. Qh8+ Kg5 60. Qg4# 1-0

[Event "Women's Speed Chess Q8"]
[Site "chess.com INT"]
[Date "2021.06.06"]
[Round "7"]
[White "Ambartsumova, Karina"]
[Black "Vo, Thi Kim Phung"]
[Result "0-1"]
[WhiteTitle "IM"]
[BlackTitle "WGM"]
[WhiteElo "2382"]
[BlackElo "2335"]
[WhiteFideId "4166299"]
[BlackFideId "12401838"]
[EventDate "2021.06.06"]

1. c4 Nf6 2. Nf3 e6 3. e3 b6 4. b3 Bb7 5. Bb2 Be7 6. Be2 O-O 7. O-O d6 8. d4
Nbd7 9. Nc3 a6 10. a4 Ne4 11. Qc2 f5 12. Nd2 Ndf6 13. f3 Nxd2 14. Qxd2 Qe8 15.
Bd3 Qh5 16. Rae1 Rae8 17. Ne2 Qh6 18. Ng3 Nh5 19. Nxh5 Qxh5 20. Qe2 Rf6 21. e4
f4 22. e5 Rh6 23. h3 Bh4 24. Rd1 Bg3 25. Bc1 Qg5 26. Be4 d5 27. cxd5 exd5 28.
Bd3 Bc8 29. Bxa6 Bxh3 30. gxh3 Rxh3 31. Bb7 Qh4 32. Qg2 Rh2 33. Bxd5+ Kh8 34.
Rf2 Bxf2+ 35. Kf1 Rxg2 36. Kxg2 Qg3+ 37. Kf1 Be3 38. Ke2 Qg2+ 39. Kd3 Bxc1 40.
Rxc1 Rd8 41. Rxc7 h6 42. Be4 Qf1+ 43. Kc2 Qf2+ 44. Kb1 Qxd4 45. e6 Qd6 46. Rc6
Qd1+ 47. Ka2 Qd2+ 48. Ka3 Qd4 49. e7 Rg8 50. Bg6 Qe5 51. e8=Q Rxe8 52. Bxe8 Qxe8
53. Rxb6 Qe7+ 54. b4 Qe3+ 55. Kb2 Qxb6 0-1

[Event "Women's Speed Chess Q8"]
[Site "chess.com INT"]
[Date "2021.06.06"]
[Round "7"]
[White "Matveeva, Olga"]
[Black "Nandhidhaa, P V"]
[Result "0-1"]
[WhiteTitle "WIM"]
[BlackTitle "WGM"]
[WhiteElo "2145"]
[BlackElo "2365"]
[WhiteFideId "24107018"]
[BlackFideId "5050847"]
[EventDate "2021.06.06"]

1. d4 c5 2. d5 e5 3. e4 d6 4. Bb5+ Nd7 5. Nf3 a6 6. Bxd7+ Bxd7 7. c4 Be7 8. O-O
Nf6 9. Nc3 O-O 10. a4 Ng4 11. h3 Nf6 12. Ne1 Ne8 13. Nd3 f5 14. f4 fxe4 15. Nxe4
exf4 16. Bxf4 Bf5 17. Qe2 Nf6 18. Ng5 Qd7 19. Rae1 Rae8 20. Ne6 Rf7 21. Bh2 Bg6
22. Ndf4 Qxa4 23. Nxg6 hxg6 24. Ng5 Rff8 25. Qe6+ Kh8 26. Bxd6 Bxd6 27. Qxd6
Qxc4 28. Rxe8 Qd4+ 29. Kh1 Rxe8 30. Rf4 Qxd5 31. Rh4+ Kg8 32. Qxd5+ Nxd5 33. Kg1
Re1+ 34. Kf2 Rb1 35. Re4 Rxb2+ 36. Kg3 Rb3+ 37. Kh4 Re3 38. Ra4 Nf6 39. g4 Re7
40. Ra2 Rc7 41. Rd2 Kf8 42. Rd8+ Ke7 43. Ra8 c4 44. Nf3 c3 45. Ne5 c2 46. Nxg6+
Kf7 47. Ne5+ Ke6 48. Nd3 c1=Q 49. Nxc1 Rxc1 50. Rb8 Rc7 51. Rd8 a5 52. g5 Nd7
53. g6 a4 54. Kg5 a3 55. Ra8 Rc3 56. h4 Rg3+ 57. Kh5 Nf6# 0-1